000 00544nam a2200205Ia 4500
005 20250326144805.0
008 250326s9999 xx 000 0 und d
020 _a0-333-777292-1
037 _aTextbook
040 _aFMSL
_beng
_cFMSL
041 _aeng
_2eng
084 _aX:51 P4
_qFMSL
100 _aBaron S
_9747762
245 0 _aServices marketing:tests and cases
_cBaron S; Harris K
250 _a2
260 _aLondon
_bLondon, Palgrave
_c2004
300 _a291p
942 _cTB
_hX:51 P4
999 _c1305068
_d1305068